000 00598nam a2200193Ia 4500
003 GCL
008 140319s9999 xx 000 0 ara d
040 _aGCL /
_cGCL
082 0 4 _a028.55
_bس ق
100 1 _aالسيد السيد النشار
245 1 0 _aقراءات الشباب /
_cالسيد السيد النشار
260 _aالقاهرة :
_bدار الثقافة العلمية
300 _a136 ص ؛
_c24 سم
650 0 4 _aالقراءة
650 0 4 _aالثقافة الذاتية
650 0 4 _aالمكتبات
650 0 4 _aالكتب والقراءة
942 _2ddc
_cBK
999 _c1597
_d1597